LIBRARY & INFORMATION CENTRE, KCAET, TAVANUR

ONLINE PUBLIC ACCESS CATALOGUE (OPAC)

Agriculture Diversification: Problems and Perspectives (Record no. 14757)

MARC details
000 -LEADER
fixed length control field 00433nam a22001577a 4500
020 ## - INTERNATIONAL STANDARD BOOK NUMBER
ISBN 9789380026497
082 ## - DEWEY DECIMAL CLASSIFICATION NUMBER
Classification number 630.
Item number SHA/AG
245 ## - TITLE STATEMENT
Title Agriculture Diversification: Problems and Perspectives
250 ## - EDITION STATEMENT
Edition statement 1 st
260 ## - PUBLICATION, DISTRIBUTION, ETC. (IMPRINT)
Place of publication New Delhi
Name of publisher I.K. International Publishing House Pvt. Ltd.
Year of publication 2010
300 ## - PHYSICAL DESCRIPTION
Number of Pages 210
700 ## - ADDED ENTRY--PERSONAL NAME
Personal name Sharma A.K.
700 ## - ADDED ENTRY--PERSONAL NAME
Personal name Seema Wahab
700 ## - ADDED ENTRY--PERSONAL NAME
Personal name Rashmi Srivastava
942 ## - ADDED ENTRY ELEMENTS (KOHA)
Koha item type Book Bank scheme for SC students
Holdings
Withdrawn status Lost status Damaged status Collection code Home library Current library Shelving location Date acquired Source of acquisition Cost, normal purchase price Full call number Accession Number Koha item type
        KAUAET KAUAET Scheme 03/09/2016 Penta Books Distributors, Calicut. 695.00 630. SHA/AG BB 156 Book Bank scheme for SC students
        KAUAET KAUAET Scheme 03/09/2016 Penta Books Distributors, Calicut. 695.00 630. SHA/AG BB 157 Book Bank scheme for SC students
free website counter